Music Quiz

Random Music Quiz
Score 0/20 Timer 04:00
0 Plays Today
Beginning End % Correct
The moves you makeyou make for yourself
93.6%
The things you doaren't good for my health
89.7%
You wouldn'tlet me anyway
79.5%
And I wouldn'twant it any other way
76.9%
The means you usearen't meant to confuse
74.4%
Dangerousthe way you leave me wanting more
64.1%
Dangerousthat's what I want you for
62.8%
Dangerouswhen I am in your arms
62.8%
They're not therefor me to believe
57.7%
But there'sa price I have to pay
57.7%
Beginning End % Correct
The lies you tellaren't meant to deceive
53.8%
I've heardyour vicious words
53.8%
You know by nowit takes a lot to see me hurt
53.8%
Although they dothey're the ones that I would choose
50%
Dangerousthat's what I want you for
50%
Dangerousthe way you leave me wanting more
48.7%
Dangerouswhen I am in your arms
47.4%
Dangerousknow I will come to harm
44.9%
And I couldn'ttake it any other way
44.9%
Dangerousknow I will come to harm
33.3%

You're not logged in!

Compare scores with friends on all Sporcle quizzes.
OR
Log In

Sporcle TV

Today on Sporcle TV


Watch our educational content, quiz creation guides, and fun videos on Sporcle TV.

Show Comments

Extras

Top Quizzes Today


Score Distribution

Paid Content

Your Account Isn't Verified!

In order to create a playlist on Sporcle, you need to verify the email address you used during registration. Go to your Sporcle Settings to finish the process.

Report this User

Report this user for behavior that violates our Community Guidelines.

Details: